Западный административный округ Москвы - Statistics

General Stats
  • This quiz has been taken 7 times
  • The average score is 11 of 13
Answers on the Map
Answers color-coded by a green-red scale on the quiz's map according to % correct below.
 
Answer Stats
Answer % Correct
Фили-Давыдково
100%
Филёвский Парк
100%
Дорогомилово
100%
Можайский район
100%
Очаково-Матвеевское
100%
Внуково
100%
Крылатское
75%
Кунцево
75%
Тропарёво-Никулино
75%
Ново-Переделкино
75%
Раменки
50%
Проспект Вернадского
50%
Солнцево
50%
No matching quizzes found
Score Distribution
Percent of People with Each Score
Percentile by Number Answered
Your Score History
You have not taken this quiz